00787nam a2200229 a 450000500170000000800410001702000180005802000150007605000220009110000240011324500510013725000120018826001120020030000290031250000500034152100080039165000170039965000120041665000530042865000380048165000380051920140310183620.0121023s19uu xx 00 eng d a9781451120929 a0781752698 aRM 300b.K37 2003 aKarch, Amy Morrison aFocus on nursing pharmacology /cAmy M. Karch. a5th ed. aPhiladelphia ; Baltimore ; New York ; London :bWolters Kluwer Health/Lippincott Williams & Wilkins,c2003. a886 p. :bill. ;c25 cm. aIncludes bibliographical references and index aNUR aPharmacology aNursing aPharmaceutical PreparationsxNurses' Instruction aDrug TherapyxNurses' Instruction aPharmacologyxNurses' Instruction